| 000 | 00630nam a2200181Ia 4500 | ||
|---|---|---|---|
| 008 | 140529s9999 xx 000 0 und d | ||
| 020 | _a9780521166058 | ||
| 050 |
_aPE 1135 _b.T46 2011 |
||
| 100 | _aTench, Paul. | ||
| 245 |
_aTranscribing the sound of English : _ba phonetics workbook forwords and discourse / _cPaul Tench |
||
| 260 |
_aCambridge ; New York : _bCambridge University Press, _cc2011. |
||
| 300 |
_a192 p. : _bill. ; _c25 cm. |
||
| 500 | _aIncludes bibliographical references and index. | ||
| 521 | _aGE | ||
| 650 |
_aEnglish language _xProblems, exercises, etc. |
||
| 942 |
_kFOR _cBK |
||
| 999 |
_c117745 _d117745 |
||